Transatlantické investičné partnerstvo ako príležitosť pre slovenské firmy

Transatlantické partnerstvo v oblasti obchodu a investícií (TTIP), o ktorom začali zástupcovia USA a Európskej únie prvé kolo rokovaní ešte v júli v roku 2013, by malo priniesť Slovensku zvýšenie hospodárskeho rastu a milión nových pracovných miest v EÚ. Prieskum Podnikateľskej aliancie Slovenska -...

Description complète

Enregistré dans:
Détails bibliographiques
Auteur principal: Vargová, Andrea
Format: Chapitre de livre
Langue:slovaque
Sujets:
Tags: Ajouter un tag
Pas de tags, Soyez le premier à ajouter un tag!

MARC

LEADER 00000nla a2200000 4500
001 0199421
005 20240502073357.5
041 0 |a slo 
044 |a SK 
245 1 0 |a Transatlantické investičné partnerstvo ako príležitosť pre slovenské firmy  |c Andrea Vargová 
520 |a Transatlantické partnerstvo v oblasti obchodu a investícií (TTIP), o ktorom začali zástupcovia USA a Európskej únie prvé kolo rokovaní ešte v júli v roku 2013, by malo priniesť Slovensku zvýšenie hospodárskeho rastu a milión nových pracovných miest v EÚ. Prieskum Podnikateľskej aliancie Slovenska - ako podnikatelia vnímajú pripravovanú dohodu o spoločnom trhu medzi EÚ a USA, aké benefity a riziká prinesie TTIP pre podnikanie, čo podnikateľom komplikuje export do USA. 
610 2 0 |a USA 
610 2 0 |a Európska únia 
610 2 0 |a vzťahy hospodárske medzinárodné 
610 2 0 |a vzťahy obchodné 
610 2 0 |a partnerstvo strategické 
610 2 0 |a obchod 
610 2 0 |a investície 
100 1 |a Vargová, Andrea